Estudios varios sobre obligaciones, contratos, empresas y sociedades
Saved in:
| Hovedforfatter: | |
|---|---|
| Format: | Bog |
| Sprog: | spansk |
| Udgivet: |
Madrid
Montecorvo
1980
|
| Fag: | |
| Tags: |
Tilføj Tag
Ingen Tags, Vær først til at tagge denne postø!
|
MARC
| LEADER | 00000nam a2200000 a 4500 | ||
|---|---|---|---|
| 001 | UCV0830 | ||
| 003 | CL-VaPUC | ||
| 008 | 890510e19800000SP |||||||||||||||||spa|d | ||
| 082 | 0 | 4 | |a 346.02 |b VAL |2 21 |
| 100 | |a Vallet de Goytisolo, Juan B. |e autor |9 258258 | ||
| 245 | 1 | 0 | |a Estudios varios sobre obligaciones, contratos, empresas y sociedades |
| 300 | |a 685 p | ||
| 942 | |c BK | ||
| 945 | |d 19890510 00:00:00 | ||
| 260 | |a Madrid |b Montecorvo |c 1980 | ||
| 650 | 0 | |a Obligaciones |9 255578 | |
| 650 | 7 | |a DERECHO |2 CL-VaPUC |9 295145 | |
| 650 | 0 | |a Contratos |9 255153 | |
| 650 | 0 | |a Sociedades anónimas |9 255387 | |
| 583 | |a last modification |c 19890510 00:00:00 |k Rodrigo Vera | ||
| 999 | |c 209024 |d 209022 | ||
| 952 | |0 0 |1 0 |4 0 |6 346_020000000000000_VAL_1980 |7 0 |8 A |9 184127 |a BIBDER |b BIBDER |d 2019-11-14 |i 2512866 |l 2 |o 346.02 VAL 1980 |p 2512866 |r 2023-01-25 |s 2021-10-11 |w 2019-11-14 |y BK |k DER | ||